000
00315cam a22001217a 4500
008
180718b1959 xxu||||| |||| 00| 0 eng d
082
_a
T2 H121
100
_a
Hagen, Everett E.
245
_a
Handbook for industry studies
_c
by Everett E. Hagen
260
_a
Bombay
_b
Asia
_c
1959
300
_a
80p.
650
_a
Industry
999
_c
367371
_d
367371